Historia de una anguila

Guardat en:
Dades bibliogràfiques
Autor principal: Chejov, Antón Pavlovich (Autor)
Format: Llibre
Idioma:espanyol
Publicat: Madrid Gadir Editorial S. L 2010
Matèries:
Etiquetes: Afegir etiqueta
Sense etiquetes, Sigues el primer a etiquetar aquest registre!

MARC

LEADER 00000cam a2200000 a 4500
001 UCF7936
003 CL-VaPUC
008 130711e20100000SP |||||||||||||||||spa|d
020 |a 9788496974517 
082 0 4 |a 9  |b CHE  |2 21 
100 0 |a Chejov, Antón Pavlovich  |e author  |9 352083 
245 1 0 |a Historia de una anguila 
300 |a pág. irreg 
942 |c BK 
945 |d 20130711 00:00:00  |a dcastane 
260 |a Madrid  |b Gadir Editorial S. L  |c 2010 
650 7 |a CUENTOS RUSOS  |2 CL-VaPUC  |9 265134 
650 0 |a Literatura rusa  |9 318370 
583 |a last modification  |c 20130711 11:26:00  |k Rodrigo Vera 
999 |c 352654  |d 352652 
952 |0 0  |1 0  |4 0  |6 9_000000000000000_CHE_2010  |7 0  |8 C  |9 457258  |a BIBCUR  |b BIBCUR  |d 2019-11-22  |i 4983580  |l 3  |o 9 CHE 2010  |p 4983580  |r 2025-04-22  |s 2024-09-30  |w 2019-11-22  |y BK  |k INF